Škola, které dřevo voní na Uherskohradišťsku budou vychovávat dřevařské a nábytkářské profesi i dospělé

Podrobná bibliografia
Hlavný autor: Škarpichová, Alžběta, 1950- (Autor)
Médium: Článok
Jazyk:slovenčina
čeština
Fyzický popis:Fotogr.
ISSN:1335-7018
Predmet:

MARC

LEADER 00000nab a2200000 a 4500
001 vtls008837232
003 SK-MaSNL
005 20260304140019.0
008 250505c2006 xo |||||||||||000 b|slo
015 |a SNBRB2006/08  |2 snkbucl 
035 |a (uuid)dda2b64e-4f45-44d2-865d-4820dc88def2 
035 |a urn:nbn:sk:snk-ab9f6d 
035 |a (urnnbn)urn:nbn:sk:snk:ar-a08c7j 
038 |a SNKBUCL 
040 |a SNKBUCL  |b slo  |c SNKBUCL  |e AACR2 
041 0 |a cze 
044 |a xo  |c SK 
080 |a 373.6:62  |x (437.1/.2)  |2 1997 
100 1 |a Škarpichová, Alžběta,  |d 1950-  |4 aut  |9 113084 
245 1 0 |a Škola, které dřevo voní  |b na Uherskohradišťsku budou vychovávat dřevařské a nábytkářské profesi i dospělé  |c Alžběta Škarpichová 
300 |b Fotogr. 
610 2 7 |a Stredná odborná škola technická (Uherské Hradiště, Česko)  |2 snkbucl  |9 1455973 
773 0 |t Stolársky magazín  |g Roč. 7, č. 4 (2006), s. 64-65  |x 1335-7018 
850 |a Slovenská národná knižnica 
852 |a Slovenská národná knižnica 
958 |a article13 
958 |a OND 
958 |a CZ 
958 |a EUIPO 
999 |c 2913167  |d 2915097